Vplyv globálnej hospodárskej krízy na trh práce v SR

Pojem trh práce. Prejavy hospodárskej krízy na trhu prace SR. Základné charakteristiky trhu práce v SR. Vplyv krízy na ekonomiku SR s dôrazom na trh práce v kontexte európskeho trhu práce. Vývoj miery nezamestnanosti v EÚ. Dopady hospodárskej krízy na vývoj HDP v SR.

Salvato in:
Dettagli Bibliografici
Autore principale: Ivanová, Eva
Natura: Capitolo di libro
Lingua:slovacco
Soggetti:
Tags: Aggiungi Tag
Nessun Tag, puoi essere il primo ad aggiungerne!!

MARC

LEADER 00000nla$a2200000$$$4500
001 0126273
005 20231207080751.9
041 0 |a slo 
044 |a SK 
245 1 0 |a Vplyv globálnej hospodárskej krízy na trh práce v SR  |c Eva Ivanová 
520 |a Pojem trh práce. Prejavy hospodárskej krízy na trhu prace SR. Základné charakteristiky trhu práce v SR. Vplyv krízy na ekonomiku SR s dôrazom na trh práce v kontexte európskeho trhu práce. Vývoj miery nezamestnanosti v EÚ. Dopady hospodárskej krízy na vývoj HDP v SR. 
610 2 0 |a Slovensko 
610 2 0 |a trh práce 
610 2 0 |a nezamestnanosť 
610 2 0 |a kríza hospodárska 
610 2 0 |a Európska únia 
610 2 0 |a produkt domáci hrubý 
100 1 |a Ivanová, Eva